000 03029cam a22005054i 4500
003 PE-LiUPU
005 20250731173103.0
008 180604s2018 mdua rb 000 0 eng d
020 _a9781943507139
035 _a(Sirsi) a247272
040 _aPE-LiUPU
_bspa
_cPE-LiUPU
_erda
041 1 _aeng
_aheb
049 _aPRUA
082 0 4 _a296.45
_bL5
_220
245 0 0 _aLet's worship him :
_bworld Adventist-Jewish Congress papers July 2016 /
_cRichard Elofer, Editor.
264 1 _aSilver Springs, Maryland :
_bGeneral Conference of Seventh-day Adventists,
_c2018.
300 _a286 páginas :
_bilustraciones ;
_c21 centímetros.
336 _atext
_2rdacontent
337 _aunmediated
_2rdamedia
338 _avolume
_2rdacarrier
490 0 _aGlobal mission studies
504 _aBibliografía al final de cada capítulo.
505 0 _aDevotionals and sermons -- Samuel Telemaque, Glimpses of Jesus in the midst of the golden lampstands -- Samuel Telemaque, I saw the lord, he touched me, and i said, here i am, send me -- Shalom Davis, from tiny to mighty: the parable of the mustard seed -- Jacques Doukhan, fear the judge and worship the creator: the three angels message and the day od atonement -- Plenary session -- Ted Wilson, welcoming session -- Clifford Goldstein, the first angel's message in the context of the sabbath, the jew, and eschatology -- Yvan Milanov, "with the whole heart, soul, and strength": an overview of principles of worship in the hebrew bible -- Daniel Stojanovic, "sing to the lord all the earth": first-century jewish christian perspectives on worship, and their lessons -- Kwabena Donkor, the three angel's messages, creation theology, and worship -- Workshops -- Gary Krause, worship and mission -- Imre Tokics, worship as a mission in the book of Daniel -- Paolo Benini, Justification, sanctification and worship: implication and consequence of salvation in the believer's life and worship -- Ralph Ringer, worshiping our creator in the context of revelation 14 -- Roger Lang, Integrating family worship into jewish ministtry -- Alexander Bolotnikov, lessons in worship from rabbinic judaism: the case from the passover seder -- Yvette du Mesnil d'Engente, freedom and diversity in jewish adventist worship.
526 _aSEG42
526 _aSEG41
526 _aSEG40
526 _aSEG39
526 _aP94
526 _aP87
526 _aP86
526 _aP85
526 _aP77
526 _aP76
526 _aP35
650 0 4 _aAdoración (Judaísmo).
650 0 4 _aWorship (Judaism).
700 1 _aElofer, Richard,
_eeditor.
910 _adbm
_bncf
_cncf
_d20180604
942 _2ddc
_cBOOK
994 _aC0
_bPEPRU
598 _aCATALOGING
596 _a1
999 _a296.45 L5
_wDEWEY
_c28250
_i78653
_d28250
_f2021-11-11
_g4
_lCCODEBUL1
_mBUL
_p20.00
_q1
_r0
_sY
_tBOOK
_u2018-6-4
_xTEOLOGIA
_PP35
_0DONACION
_o.STAFF. Colección Teología
980 _81
_gALBERTO SANCHEZ Responsable de Automatización